000
00311nam a22001337a 4500
020
_a
0-06-440055-7
082
_a
823
_b
WHI/C
100
_a
WHITE, E B
245
_a
CHARLOTTE'S WEB
260
_a
UNITED KINGDOM
_b
HARPER AND ROW PUBLISHERS
_c
1980
300
_a
184
650
_a
NOVEL
_z
UNITED KINGDOM
942
_c
BK
999
_c
4047
_d
4047